| 000 | 00394pab a2200145 454500 | ||
|---|---|---|---|
| 008 | 180718b1999 xxu||||| |||| 00| 0 eng d | ||
| 100 | _aPasmore, William | ||
| 245 | _aA hero for the underdogs: a review of Dave Ulrich's human resource champions | ||
| 260 | _c1999 | ||
| 300 | _ap.361-69 | ||
| 362 | _aMay | ||
| 650 | _aHuman resources development | ||
| 773 | _aOrganization | ||
| 909 | _a41667 | ||
| 999 |
_c41667 _d41667 |
||